THREE THOUSAND STITCHES (Record no. 3572)
[ view plain ]
| 000 -LEADER | |
|---|---|
| fixed length control field | 00621nam a22001457a 4500 |
| 020 ## - INTERNATIONAL STANDARD BOOK NUMBER | |
| ISBN | 978-0-143-44005-5 |
| 082 ## - DEWEY DECIMAL CLASSIFICATION NUMBER | |
| Classification number | 823 |
| Item number | MUR/T |
| 100 ## - MAIN ENTRY--AUTHOR NAME | |
| Personal name | MURTY, SUDHA |
| 245 ## - TITLE STATEMENT | |
| Title | THREE THOUSAND STITCHES |
| 260 ## - PUBLICATION, DISTRIBUTION, ETC. (IMPRINT) | |
| Place of publication | GURGAON |
| Name of publisher | PENGUIN RANDOM HOUSE |
| Year of publication | 2017 |
| 300 ## - PHYSICAL DESCRIPTION | |
| Number of Pages | 179 |
| 520 ## - SUMMARY, ETC. | |
| Summary, etc | The main story revolves around the live of the sex workers or devadasis, her determination to make them self-sustainable, and to get rid of the label of dishonor that was attached to them. It is reported that because of her efforts, today there are no temple prostitutes left in the state of Karnataka |
| 650 ## - SUBJECT ADDED ENTRY--TOPICAL TERM | |
| Topical Term | NOVEL |
| Geographic subdivision | INDIA |
| 942 ## - ADDED ENTRY ELEMENTS (KOHA) | |
| Koha item type | Books |
| Withdrawn status | Lost status | Collection code | Home library | Current library | Shelving location | Date acquired | Source of acquisition | Cost, normal purchase price | Full call number | Accession Number | Koha item type |
|---|---|---|---|---|---|---|---|---|---|---|---|
| Fiction | Main Library | Main Library | SHELF 14 H ALPHEBETICAL - M-FICTION | 12/11/2022 | purchase | 250.00 | 823 MUR/T | 12727 | Books |